| 000 | 02046nam0a2200361 i 4500 | ||
|---|---|---|---|
| 001 | RU\NLR\BIBL_A\010912250 | ||
| 005 | 20260405175655.0 | ||
| 010 | _a9785971025153 | ||
| 021 |
_aRU _b2015-86722 _95314 |
||
| 035 | _a(NILC)RuMoRGB-008065691 | ||
| 035 | _a(NLR Aleph) 010912250 | ||
| 090 |
_a10636344 _c10636344 |
||
| 100 | _a20151126d2015 km y0rusy50 ca | ||
| 101 | 0 | _arus | |
| 102 | _aRU | ||
| 105 | _aa|||z|||000zy | ||
| 200 | 1 |
_aСпутниковый мониторинг Земли _eмикроволновая радиометрия атмосферы и поверхности _fБ. Г. Кутуза, М. В. Данилычев, О. И. Яковлев |
|
| 210 |
_aМосква _cURSS _cЛЕНАНД _d2015 |
||
| 215 |
_a333 с. _cил. _d22 |
||
| 300 | _aНа 4-й с. обл. авт.: Б. Г. Кутуза, д-р физ.-мат. наук, проф., лауреат Гос. премий ССС и Рос. Федерации, М. В. Данилычев, канд. физ.-мат. наук, О. И. Яковлев, проф., заслуж. деят. науки и техники Рос. Федерации, лауреат двух Гос. премий СССР | ||
| 320 | _aБиблиогр.: с. 313-333 (435 назв.) | ||
| 606 | 1 |
_aЗемная поверхность _xРадиометрия микроволновая _xДистанционные методы _92262295 _3RU\NLR\AUTH\6601586099 |
|
| 606 | 1 |
_aАтмосфера _xРадиометрия микроволновая _xДистанционные методы _92262298 _3RU\NLR\AUTH\6601586101 |
|
| 686 | 1 | _aД820в738.1 | |
| 686 | 1 | _aД23в738.1 | |
| 700 | 1 |
_aКутуза _bБ. Г. _gБорис Георгиевич |
|
| 701 | 1 |
_aДанилычев _bМ. В. _gМихаил Васильевич |
|
| 701 | 1 |
_8rus _7ca _aЯковлев _bО. И. _cд-р техн. наук _f1929- _gОлег Изосимович _3RU\NLR\AUTH\7776688 _959616 |
|
| 801 | 0 |
_aRU _bРГБ _c20151110 _gRCR |
|
| 942 | _cBOOK | ||
| 980 | _aNBR | ||